All Tower Upgrades - Bloons TD 6 - Statistics

General Stats
  • This quiz has been taken 255 times
    10 since last reset
  • The average score is 112 of 388
Answer Stats
Upgrade % Correct
Longer Range
86%
Long Range
86%
Crossbow
71%
Crossbow Master
71%
Glaive Lord
71%
Hot Shot
71%
Juggernaut
71%
Sharper Darts
71%
Super Monkey Fan Club
71%
Triple Shot
71%
Advanced Intel
57%
Apex Plasma Master
57%
Bigger Bombs
57%
Enhanced Eyesight
57%
Even More Tacks
57%
Extra Range
57%
Faster Throwing
57%
Full Metal Jacket
57%
Grape Shot
57%
Inferno Ring
57%
Larger Radius
57%
Long Range Darts
57%
Long Range Tacks
57%
Missile Launcher
57%
MOAB Assassin
57%
More Tacks
57%
Re-Freeze
57%
Sharp Shots
57%
Spike-o-pult
57%
Ultra-Juggernaut
57%
Absolute Zero
43%
Airburst Darts
43%
Apache Dartship
43%
Arctic Wind
43%
Ascended Shadow
43%
Avenger
43%
Ballistic Missile
43%
Bigger Globs
43%
Big Iron
43%
Bionic Boomerang
43%
Blade Maelstrom
43%
Blade Shooter
43%
Blooncineration
43%
Bloon Crush
43%
Bloon Dissolver
43%
Bloon Impact
43%
Bloon Liquefier
43%
Bomb Blitz
43%
Bullseye
43%
Cluster Bombs
43%
Cold Snap
43%
Corrosive Glue
43%
Crow's Nest
43%
Crucible of Steel and Flame
43%
Cryo Cannon
43%
Deadeye
43%
Deep Freeze
43%
Elite Defender
43%
Embrittlement
43%
Enhanced Freeze
43%
Faster Firing
43%
Faster Rangs
43%
Faster Reload
43%
Fast Firing
43%
Frag Bombs
43%
Glaive Dominus
43%
Glaive Ricochet
43%
Glaives
43%
Glue Hose
43%
Glue Soak
43%
Glue Splatter
43%
Glue Storm
43%
Glue Strike
43%
Golden Justice
43%
Goliath Doomship
43%
Ground Zero
43%
Heavy Bombs
43%
Hot Shots
43%
Ice Shards
43%
Icicle Impale
43%
Icicles
43%
Improved Rangs
43%
Kylie Boomerang
43%
Long Range Rangs
43%
Magus Perfectus
43%
Master Builder
43%
Mega Massive Munitions Factory
43%
MOAB Domination
43%
MOAB Eliminator
43%
MOAB Glue
43%
MOAB Mauler
43%
MOAB Press
43%
M.O.A.R. Glaives
43%
Nautic Siege Core
43%
Navarch of the Seas
43%
Neva-Miss Targeting
43%
Nomad
43%
Overclock
43%
Overdrive
43%
Perma Charge
43%
Permafrost
43%
Plasma Monkey Fan Club
43%
Razor Sharp Shots
43%
Really Big Bombs
43%
Recursive Cluster
43%
Red Hot Rangs
43%
Relentless Glue
43%
Ring of Fire
43%
Root of all Nature
43%
Sharp Shooter
43%
Shrapnel Shot
43%
Snowstorm
43%
Standoff
43%
Stickier Glue
43%
Stronger Glue
43%
Super Brittle
43%
Super Glue
43%
Super Maelstrom
43%
Tack Sprayer
43%
The Biggest One
43%
The Big One
43%
The Blazing Sun
43%
The Bloon Solver
43%
The Desert Phantom
43%
The Tack Zone
43%
Turbo Charge
43%
Twin Sixes
43%
Wanderer
43%
Advanced Targeting
29%
Aircraft Carrier
29%
Apache Prime
29%
Armor Piercing Darts
29%
Artillery Battery
29%
Banana Plantation
29%
Barbed Darts
29%
Bigger Blast
29%
Bigger Jets
29%
Bloontonium Reactor
29%
Bloon Trap
29%
Bomber Ace
29%
Bouncing Bullet
29%
Burny Stuff
29%
Cannon Ship
29%
Carpet of Spikes
29%
Carrier Flagship
29%
Centered Path
29%
Cleansing Foam
29%
Comanche Commander
29%
Comanche Defense
29%
Cripple MOAB
29%
Deadly Precision
29%
Destroyer
29%
Double Shot
29%
Downdraft
29%
Dragon's Breath
29%
Elite Sniper
29%
Energizer
29%
Enforcer
29%
Epic Range
29%
Even Faster Firing
29%
Even Faster Shooting
29%
Exploding Pineapple
29%
Faster Darts
29%
Faster Shooting
29%
Favored Trades
29%
Fighter Plane
29%
First Strike Capability
29%
Flying Fortress
29%
Focused Firing
29%
Full Auto Rifle
29%
Heat-tipped Darts
29%
Heavy Shells
29%
Herald of Everfrost
29%
IFR
29%
Jungle Drums
29%
Large Calibre
29%
Lead to Gold
29%
Lord of the Abyss
29%
Maim MOAB
29%
Megalodon
29%
Merchantman
29%
MOAB Shove
29%
Monkey Bank
29%
Monkey Pirates
29%
Monkey Wall Street
29%
Night Vision Goggles
29%
Operation: Dart Storm
29%
Pin
29%
Pirate Lord
29%
Pop and Awe
29%
Powerful Darts
29%
Pre-Emptive Strike
29%
Primary Expertise
29%
Primary Mentoring
29%
Pursuit
29%
Quad Darts
29%
Quick Shots
29%
Rapid Fire
29%
Ray of Doom
29%
Razor Rotors
29%
Semi-Automatic
29%
Sentry Champion
29%
Shell Shock
29%
Shimmer
29%
Signal Flare
29%
Sky Shredder
29%
Special Poperations
29%
Spectre
29%
Spy Plane
29%
Stronger Stimulant
29%
Sub Commander
29%
Submerge and Support
29%
Sun Temple
29%
Super Range
29%
Super Range Tacks
29%
Supply Drop
29%
Support Chinook
29%
Trade Empire
29%
Triple Guns
29%
Tsar Bomba
29%
Twin Guns
29%
Ultraboost
29%
Very Quick Shots
29%
White Hot Spikes
29%
Abyssal Warrior
14%
Abyss Dweller
14%
Acidic Mixture Dip
14%
Acid Pool
14%
Adasaurus
14%
Alluring Melody
14%
Arcane Blast
14%
Arcane Mastery
14%
Arcane Spike
14%
Archmage
14%
Arctic Knight
14%
Avatar of Wrath
14%
Ballistic Obliteration Missile Bunker
14%
Ball Lightning
14%
Banana Central
14%
Banana Research Facility
14%
Banana Salvage
14%
Barracuda
14%
Berserker Brew
14%
Bigger Radius
14%
Bigger Stacks
14%
Bloon Area Denial System
14%
Bloon Buster
14%
Bloon Exclusion Zone
14%
Bloonjitsu
14%
Bloon Master Alchemist
14%
Bloon Sabotage
14%
Bounty Hunter
14%
Buckshot
14%
Call to Arms
14%
Caltrops
14%
Central Market
14%
Counter-Espionage
14%
Dark Champion
14%
Dark Knight
14%
Deadly Spikes
14%
Deconstruction
14%
Distraction
14%
Double Gun
14%
Druidic Reach
14%
Druid of the Jungle
14%
Druid of the Storm
14%
Druid of Wrath
14%
Eagle Eye
14%
Echosense Network
14%
Echosense Precision
14%
Even Faster Production
14%
EZ Collect
14%
Faster Barrel Spin
14%
Faster Engineering
14%
Faster Production
14%
Faster Swivel
14%
Fireball
14%
Flash Bomb
14%
Giant Condor
14%
Giganotosaurus
14%
Golden Eagle
14%
Grandmaster Ninja
14%
Grand Saboteur
14%
Greater Production
14%
Great White
14%
Grow Blocker
14%
Guided Magic
14%
Gyrfalcon
14%
Hard Thorns
14%
Heart of Oak
14%
Heart of Thunder
14%
Heart of Vengeance
14%
Homeland Defense
14%
Horned Owl
14%
Hydra Rocket Pods
14%
IMF Loan
14%
Intense Magic
14%
Jungle's Bounty
14%
Knockback
14%
Larger Potions
14%
Larger Service Area
14%
Laser Blasts
14%
Laser Cannon
14%
Laser Shock
14%
Legend of the Night
14%
Long Life Bananas
14%
Long Life Spikes
14%
Long Reach
14%
Lots More Darts
14%
M.A.D
14%
Marketplace
14%
Master Bomber
14%
Microraptor
14%
MOAB SHREDR
14%
Monarch of Storms
14%
Monkey Business
14%
Monkey City
14%
Monkey Commerce
14%
Monkey Intelligence Bureau
14%
Monkey-Nomics
14%
Monkeyopolis
14%
Monkey Sense
14%
Monkey Town
14%
Necromancer: Unpopped Army
14%
Ninja Discipline
14%
Orca
14%
Oversize Nails
14%
Perishing Potions
14%
Permanent Brew
14%
Perma-Spike
14%
Piranha
14%
Plasma Accelerator
14%
Plasma Blasts
14%
Poplust
14%
Popseidon
14%
Pouākai
14%
Primary Training
14%
Prince of Darkness
14%
Quickdraw
14%
Radar Scanner
14%
Rapid Reload
14%
Riptide Champion
14%
Robo Monkey
14%
Rocket Storm
14%
Rubber to Gold
14%
Seeking Shuriken
14%
Sentry Expert
14%
Sentry Gun
14%
Sharper Prongs
14%
Sharp Shurikens
14%
Shattering Shells
14%
Shinobi Tactics
14%
Smart Spikes
14%
Spiked Balls
14%
Spiked Mines
14%
Spike Storm
14%
Spirit of the Forest
14%
Sprockets
14%
Sticky Bomb
14%
Stronger Acid
14%
Summon Phoenix
14%
Sun Avatar
14%
Super Mines
14%
Symphonic Resonance
14%
Tech Terror
14%
The Anti-Bloon
14%
The Final Harmonic
14%
Thorn Swarm
14%
Tidal Chill
14%
Total Transformation
14%
Transforming Tonic
14%
Trident Efficiency
14%
Trident Swiftness
14%
True Sun God
14%
Tyrannosaurus Rex
14%
Ultravision
14%
Unstable Concoction
14%
Valuable Bananas
14%
Velociraptor
14%
Wall of Fire
14%
Wizard Lord Phoenix
14%
XXXL Trap
14%
Increased Accuracy
0%
Increased Production
0%
No matching quizzes found
Score Distribution
Percent of People with Each Score
Percentile by Number Answered
Your Score History
You have not taken this quiz since the last reset